000 00735cab a2200265 4500
001 ABS56686
008 090401t1997 xxu||||| |||| 00| 0 eng d
035 _a(Sirsi) u77500
041 _aeng
100 _aRiley, M.
245 _aProperty lending survey 1996
260 _c1997
350 _a0
490 _aJournal of Property Finance
_v8(1) 1997, 85-91(7)
520 _aReviews the property lending market in 1996.
650 _aBANK LENDING
650 _aFINANCIAL INSTITUTIONS
650 _aPROPERTY INVESTMENT
650 _aPROPERTY LENDING
650 _aSURVEY
690 _aPROPERTY-COMMERCIAL PROPERTY-COMMERCIAL PROPERTY FINANCE AND INVESTMENT
700 _aIsaac, D.
942 _n0
948 _c02/04/1997
999 _c48727
_d48727